000 00712nam a22002057a 4500
003 0
005 20250901153205.0
008 250901b xxu||||| |||| 00| 0 eng d
020 _a978-1-77956-461-0
050 _aLC 213
_b.E38 2025
245 _aEducational disparities :
_ba critical look at schooling inequities /
_cedited by Manisha Pathak.
260 _aBurlington, ON :
_bSociety Publishing,
_c2025.
300 _axvi, 345 pages :
_bcolored illustrations ;
_c24 cm.
504 _aIncludes bibliographical references and index.
650 _aEducational equalization.
650 _aDiscrimination in education.
650 _aMinorities
_xEducation.
650 _aEducational sociology.
942 _2lcc
_cBK
999 _c367732
_d367732